| 000 | 00609nam a2200217 a 4500 | ||
|---|---|---|---|
| 008 | |||
| 020 | _a0406503818 (pbk.) | ||
| 049 | _aMAIN | ||
| 090 | 0 | 0 | _aHD30.23 |
| 100 | 1 | _aJohnson, David.- | |
| 245 | 1 | 0 |
_aQuantitative business analysis / _cDavid Johnson. |
| 260 |
_aLondon : _bButterworths, _cc1986. |
||
| 300 |
_axi, 237 p. ; _c24 cm. |
||
| 500 | _aIncludes index. | ||
| 650 | 0 |
_aDecision-making _xMathematical models. |
|
| 907 |
_a.b10082359 _b15-07-03 _c14-07-03 |
||
| 003 | |||
| 005 | 20230123133334.0 | ||
| 040 | _cNUST | ||
| 942 |
_cBOOKS _kHD30.23 |
||
| 999 |
_c146887 _d146887 |
||